00972nam a2200217 a 4500001001000000005001700010008004100027020001500068040001800083050002400101245017100125260004500296300004000341500011300381500005100494504003200545610004900577650004300626653004900669700003600718BRCA_173620190320203528.0970821s1996 mx-a---##b---#001-0#spa-d a9687009497 aFKScFKSdDLC 4aZ740.B49b.B53 199610aLas joyas bibliográficas de la Universidad Autónoma ´Benito Juárez´ de Oaxacabla Biblioteca Francisco de BurgoacMa. Isabel Grañén Porrúa ... [et al.]. aMéxicobFomento Cultural Banamexc1996 a117 p.bil. algunas a colorc31 cm. aCatálogo de la exposición realizada en el Instituto de Artes Gráficas de Oaxaca (México), abril 1996 aIncluye índice de autores y obras anónimas aBibliografía : p. 109-11024aBiblioteca Francisco de BurgoavExposiciones14aLibros rarosvBibliografíazMéxico0 aColección Universidad Autónoma de Oaxaca1 aGrañén Porrúa, Ma. Isabel